Gimnasia compensatoria y gimnasia escolar especializada

I tiakina i:
Ngā taipitopito rārangi puna kōrero
Ngā kaituhi matua: Diem, Liselott (Author), Scholtzmethner, Renate (Author)
Hōputu: Pukapuka
Reo:Pāniora
I whakaputaina: Buenos Aires Paidós 1972
Putanga:2a. ed
Ngā marau:
Ngā Tūtohu: Tāpirihia he Tūtohu
Kāore He Tūtohu, Me noho koe te mea tuatahi ki te tūtohu i tēnei pūkete!

MARC

LEADER 00000nam a2200000 a 4500
001 UCU0850
003 CL-VaPUC
008 960329e19720000AG |||||||||||||||||spa|d
082 0 4 |a 372.86  |b DIE  |2 21 
100 0 |a Diem, Liselott  |e author  |9 356290 
700 0 |a Scholtzmethner, Renate  |e author  |9 356291 
245 1 0 |a Gimnasia compensatoria y gimnasia escolar especializada 
250 |a 2a. ed 
300 |a 100 p 
942 |c BK 
945 |d 19960329 00:00:00  |a cmena 
260 |a Buenos Aires  |b Paidós  |c 1972 
650 7 |a GIMNASIA  |2 CL-VaPUC  |9 307275 
650 0 |a Educación física  |9 240893 
650 0 |a Educación básica   |9 224933 
650 7 |a DEPORTE  |2 CL-VaPUC  |9 356292 
650 0 |a Desarrollo motor   |9 313002 
583 |a last modification  |c 19960329 00:00:00  |k Rodrigo Vera 
999 |c 245633  |d 245631 
952 |0 0  |1 0  |4 0  |6 372_860000000000000_DIE_1972  |7 0  |8 P  |9 260204  |a BIBEDU  |b BIBEDU  |c BIBEDU_PB  |d 2019-11-19  |i 1635778  |o 372.86 DIE 1972  |p 1635778  |r 2024-01-25  |w 2019-11-19  |y BK  |k EDU